Automatizácia procesu vstrekovania plastových vstrekovacích lisov : Diplomová práca

Gespeichert in:
Bibliographische Detailangaben
1. Verfasser: Tlachač, Roman (Verfasst von)
Weitere Verfasser: Ďurkoš, Milan (xxx)
Format: Manuskript Buch
Sprache:Slowakisch
Veröffentlicht: Trnava : STU v Bratislave MtF KAIA, 1996
Schlagworte:
Tags: Tag hinzufügen
Keine Tags, Fügen Sie das erste Tag hinzu!

MARC

LEADER 00000ntm a22000003a 4500
001 stu61353
005 20160719155121.1
008 010928s1996----xo------------------slo-d
040 |a STU  |b slo 
041 0 |a slo 
044 |a xo 
100 1 |a Tlachač, Roman  |4 aut 
245 1 |a Automatizácia procesu vstrekovania plastových vstrekovacích lisov :  |b Diplomová práca 
260 |a Trnava :  |b STU v Bratislave MtF KAIA,  |c 1996 
300 |a 88 s  |c výťah 
650 7 |a Vstrekovanie-automatizácia  |2 stusub 
650 7 |a aplikovaná informatika a automatizácia v priemysle  |2 stusub 
700 1 |a Ďurkoš, Milan  |4 xxx 
996 |b 284M033313  |c M*DP-1233  |l MMSKP  |s P  |a 0  |w stu61353_0001